Star Wars Legends quiz - Statistics

General Stats
  • This quiz has been taken 72 times
  • The average score is 6 of 20
Answer Stats
Hint Answer % Correct
2 The red-haired woman introduced in the above book series Mara Jade
81%
10 The other Sith Lord who got knowledge from him, and founded the Rule of Two ideology? Darth Bane
70%
16 The species in answer number 14 were mentioned by an agent of Darth Sidious to who? Thrawn
70%
4 The twin's younger brother is named Anakin
66%
3 Han Solo and Leia Organa Solo's twins are named Jacen and Jaina
49%
1 The book trilogy sometimes known as "the original sequel trilogy" The Thrawn Trilogy
47%
6 Who is one of the first students of the Praxeum, and is the protagonist of the novel "I, Jedi"? Corran Horn
36%
5 Where did Luke first set up his "Jedi Praxeum"? Yavin IV
30%
15 A fan-beloved character who died in the above answer as well? Chewbacca
26%
12 Who did the Rule of Two end with, in 40 aby? Darth Caedus
21%
14 The name of the war that the answer to number 4 died in? The Yuuzhan Vong War
19%
19 What is the novel commonly called "the worst Star Wars Legends book"? The Crystal Star
11%
8 The above answer's apprentice? Ulic Qel-Droma
11%
20 What is the novel commonly called "the best Star Wars Legends book"? Darth Plagueis
9%
11 The original name of the above answer? Dessel
9%
7 Ancient Sith spirit that is an antagonist in "I, Jedi"? Exar Kuun
8%
13 The above answer's quasi-apprentice, and lover of answer number 4? Tahiri Veila
8%
17 And who did the above answer kill a day later? Jorus C'baoth
6%
18 The name of the ship the above answer was leading? Outbound Flight
6%
9 The answer to question 7 got their knowledge of the dark side from who? Freedon Nadd
4%
No matching quizzes found
Score Distribution
Percent of People with Each Score
Percentile by Number Answered
Your Score History
You have not taken this quiz